Normal view MARC view
  • Hernández Gómez, Eunice

Entry Nombre Personal

Number of records used in: 1

001 - NUMERO DE CONTROL

  • campo de control: 47816

003 - IDENTIFICADOR DE NUMERO DE CONTROL

  • campo de control: DLC

005 - FECHA Y HORA DE LA ÜLTIMA TRANSACCIÓN

  • campo de control: 20230228105427.0

008 - DATOS DE LONGITUD FIJA

  • campo de control de longitud fija: 280223n| azannaabn |a aaa c

010 ## - NÚMERO DE CONTROL DE LA BIBLIOTECA DEL CONGRESO

  • Número de control LC: no2016060469

035 ## - NUMERO DE CONTROL

  • Número de control: (OCoLC)oca10464160

040 ## - FUENTE DE CATALOGACIÓN

  • Agencia original de catalogación: NcU
  • Lenguaje de catalogación: spa
  • Description conventions: rda
  • Agencia de transcripción: NcU
  • Agencia que lo modifica: NcD
  • Agencia que lo modifica: MX-MxUPN

100 1# - ENCABEZAMIENTO - NOMBRE PERSONAL

  • Nombre personal: Hernández Gómez, Eunice

370 ## - LUGAR ASOCIADO

  • Associated country: Mexico
  • Fuente del término: naf

377 ## - LENGUA ASOCIADA

  • Language code: spa

400 1# - VEÁSE - NOMBRE DE PERSONA

  • Personal name: Gómez, Eunice Hernández

400 1# - VEÁSE - NOMBRE DE PERSONA

  • Personal name: Hernández, Eunice

670 ## - FUENTE EN LA QUE SE LOCALIZARON DATOS

  • Cita de la fuente: La crónica como antídoto, 2015:
  • Información localizada: portada (Eunice Hernández Gómez)

670 ## - FUENTE EN LA QUE SE LOCALIZARON DATOS

  • Cita de la fuente: La crónica como antídoto, 2017:
  • Información localizada: portada (Eunice Hernández) Mex. CIP (Hernández Gómez, Eunice)

902 ## - CATALOGADOR

  • Catalogador: NDAF/280223